| 000 | 00372nam a2200145 a 4500 | ||
|---|---|---|---|
| 005 | 20140412111244.0 | ||
| 008 | 110128s19uu xx 00 eng d | ||
| 020 | _a0-545-01169-8 | ||
| 050 |
_aTR(PS E _bIm1 2008 |
||
| 100 | _aMaccarone, Grace | ||
| 245 |
_aI am blessed / _cGrace Maccarone. |
||
| 260 |
_aChina : _bScholastic, _c2008. |
||
| 300 | _aunp. | ||
| 999 |
_c102879 _d102879 |
||